Tổng tập văn học dân gian các dân tộc thiểu số Việt Nam T.8 Sử thi Xơ Đăng

Guardat en:
Dades bibliogràfiques
Autor principal: Nguyễn Xuân Kính
Altres autors: Vũ Quang Dũng Biên soạn, Vũ Văn Hiếu Biên soạn
Format: Llibre
Idioma:Vietnamese
Publicat: H. Khoa học xã hội 2009
Matèries:
Etiquetes: Afegir etiqueta
Sense etiquetes, Sigues el primer a etiquetar aquest registre!
Thư viện lưu trữ: Mạng thư viện Đại học Đà Nẵng
LEADER 01808nam a2200421 4500
001 000005737
003 1885
005 20110823070802.0
008 110822s2009 viesd
041 0 |a vie 
082 |a 398.2089  |b TON 
100 0 |a Nguyễn Xuân Kính 
245 1 0 |a Tổng tập văn học dân gian các dân tộc thiểu số Việt Nam  |c B.s.: Nguyễn Xuân Kính (ch.b.),Vũ Quang Dũng, Vũ Văn Hiếu  |n T.8  |p Sử thi Xơ Đăng 
260 |a H.  |b Khoa học xã hội  |c 2009 
300 |a 1431 tr.  |c 24cm 
500 |a ĐTTS ghi: Viện Khoa học xã hội Việt Nam. Viện Nghiên cứu Văn hoá 
504 |a Thư mục: tr. 1429-1431 
653 |a Văn học dân gian 
653 |a Dân tộc thiểu số 
653 |a Nhận định và tra cứu 
653 |a Sử thi 
653 |a Việt Nam 
700 |a Vũ Quang Dũng  |a Biên soạn 
700 |a Vũ Văn Hiếu  |a Biên soạn 
773 |d Khoa học xã hội  |d H.  |d 2010  |t Tổng tập văn học dân gian các dân tộc thiểu số Việt Nam  |w 558 
910 |a Huỳnh Thị Cẩm Lai  |d 22/08/2011 
OWN |a LSP 
AVA |a UDN50  |b LNN  |d 398.2089 NG-K  |e available  |t Error 5001 Not defined in file expand_doc_bib_avail.  |f 1  |g 0  |h N  |i 0 
AVA |a UDN50  |b LSP  |d 398.2089 TON  |e available  |t Error 5001 Not defined in file expand_doc_bib_avail.  |f 2  |g 0  |h N  |i 0  |k 1 
999 |a From the UDN01 
AVA |a UDN50  |b LNN  |d 398.2089 NG-K  |e available  |t Error 5001 Not defined in file expand_doc_bib_avail.  |f 1  |g 0  |h N  |i 0 
AVA |a UDN50  |b LSP  |d 398.2089 TON  |e available  |t Error 5001 Not defined in file expand_doc_bib_avail.  |f 2  |g 0  |h N  |i 0  |k 1 
TYP |a Monograph 
TYP |a Printed language 
980 |a Mạng thư viện Đại học Đà Nẵng